| 000 | 00000nam##2200000za#4500 |
| 001 | 9.596793 |
| 003 | CaOODSP |
| 005 | 20210624203720 |
| 007 | cr ||||||||||| |
| 008 | 150406|2008||||xxc|||||o f|0| 0 fre|d |
| 020 | |a978-1-100-90315-6 |
| 022 | |a1911-8015 |
| 040 | |aCaOODSP|bfre |
| 043 | |an-cn--- |
| 086 | 1 |aH113-26/2008-5F-PDF |
| 110 | 1 |aCanada.|bSanté Canada. |bAgence de réglementation de la lutte antiparasitaire. |
| 245 | 10|aCarfentrazone-éthyle |h[ressource électronique] |
| 260 | |aOttawa - Ontario : |bSanté Canada. |cLe 23 décembre 2008. |
| 300 | |a91p.|bfigures, tableaux |
| 490 | 1 |aRapport d'évaluation |x1911-8015|vERC2008-05 |
| 590 | |a12-24-Supp|b2012-05-30 |
| 775 | 08|tCarfentrazone-ethyl |w(CaOODSP)9.565158 |
| 776 | 0#|tCarfentrazone-éthyle |w(CaOODSP)9.628081 |
| 830 | #0|aRapport d'évaluation,|x1911-8015|vERC2008-05|w(CaOODSP)9.501593 |
| 856 | 40|ahttp://publications.gc.ca|qPDF|s479 Ko|uhttps://publications.gc.ca/collections/collection_2010/arla-pmra/H113-26-2008-5-fra.pdf|yERC2008-05 |
| 986 | |aNuméro de document de l'ARLA : 1591611 |